Statistics for US Cities With 150,000 People Or More

Click here to take the quiz!

General Stats

  • This quiz has been taken 137 times
  • The average score is 104 of 173

Answer Stats

State Population City % Correct
California3,976,322Los Angeles
100%
Texas1,317,929Dallas
99%
Texas2,303,482Houston
99%
Illinois2,704,958Chicago
99%
Washington704,352Seattle
98%
New York8,537,673New York City
98%
Colorado693,060Denver
97%
Michigan672,795Detroit
97%
Nevada632,912Las Vegas
97%
Indiana855,164Indianapolis
97%
Massachusetts673,184Boston
97%
District of Columbia681,170Washington, D.C.
97%
Florida453,579Miami
97%
Louisiana391,495New Orleans
97%
Texas947,890Austin
97%
Pennsylvania1,567,872Philadelphia
95%
Mississippi169,148Jackson
94%
Arizona1,615,017Phoenix
94%
California870,887San Francisco
94%
Ohio385,809Cleveland
93%
Missouri481,420Kansas City
93%
Minnesota413,651Minneapolis
93%
Texas683,080El Paso
93%
Georgia472,522Atlanta
93%
Kansas151,709Kansas City
93%
Florida880,619Jacksonville
92%
Oregon639,863Portland
92%
Oklahoma638,367Oklahoma City
92%
Tennessee652,717Memphis
91%
California1,406,630San Diego
91%
Tennessee660,388Nashville
91%
Texas1,492,510San Antonio
91%
North Carolina842,051Charlotte
91%
Wisconsin595,047Milwaukee
90%
Ohio860,090Columbus
89%
Maryland614,664Baltimore
89%
Hawaii351,792Honolulu
89%
Georgia197,485Columbus
89%
Ohio298,800Cincinnati
88%
Florida277,173Orlando
88%
Missouri311,404St. Louis
86%
Arizona530,706Tucson
85%
Florida377,165Tampa
84%
Texas854,113Fort Worth
84%
Alabama212,157Birmingham
84%
Pennsylvania303,625Pittsburgh
84%
North Carolina458,880Raleigh
84%
Kentucky616,261Louisville
84%
Louisiana227,715Baton Rouge
83%
Nevada245,255Reno
83%
New Mexico559,277Albuquerque
83%
California495,234Sacramento
83%
Nebraska446,970Omaha
82%
Minnesota302,398Saint Paul
81%
Colorado465,101Colorado Springs
80%
Oklahoma403,090Tulsa
80%
Iowa215,472Des Moines
80%
Idaho223,154Boise
80%
Utah193,744Salt Lake City
80%
California1,025,350San Jose
78%
Alaska298,192Anchorage
78%
New Jersey281,764Newark
78%
California420,005Oakland
78%
Arkansas198,541Little Rock
77%
New York256,902Buffalo
77%
Virginia452,602Virginia Beach
77%
Virginia223,170Richmond
75%
Nebraska280,364Lincoln
74%
Kansas389,902Wichita
74%
North Carolina242,203Winston-Salem
74%
Wisconsin252,551Madison
73%
Florida190,894Tallahassee
73%
California522,053Fresno
72%
Alabama200,022Montgomery
69%
Arizona484,587Mesa
68%
Oregon167,419Salem
67%
Washington215,973Spokane
67%
Ohio278,508Toledo
66%
California470,130Long Beach
66%
Rhode Island179,219Providence
65%
Missouri167,319Springfield
63%
Alabama192,904Mobile
63%
Ohio197,633Akron
63%
New Jersey264,152Jersey City
63%
Massachusetts154,074Springfield
63%
Texas392,772Arlington
61%
Texas325,733Corpus Christi
61%
Virginia245,115Norfolk
60%
Florida260,999St. Petersburg
60%
New York208,880Rochester
59%
North Carolina263,016Durham
59%
California376,380Bakersfield
58%
Colorado361,710Aurora
58%
California351,043Anaheim
58%
Illinois201,110Aurora
58%
Tennessee186,239Knoxville
57%
Washington211,277Tacoma
56%
Kentucky318,449Lexington
56%
Michigan196,445Grand Rapids
56%
California216,239San Bernardino
55%
Indiana264,488Fort Wayne
55%
Florida178,752Fort Lauderdale
55%
California324,722Riverside
53%
North Carolina287,027Greensboro
52%
California266,122Irvine
51%
California334,217Santa Ana
51%
Georgia197,081Augusta
50%
Oregon166,575Eugene
48%
Texas252,506Lubbock
48%
California307,072Stockton
48%
Nevada292,969Henderson
48%
Arizona246,645Scottsdale
47%
Nevada238,702North Las Vegas
47%
Louisiana194,920Shreveport
47%
South Dakota174,360Sioux Falls
47%
Texas257,156Laredo
45%
Texas199,582Amarillo
45%
Tennessee177,571Chattanooga
45%
New York200,807Yonkers
45%
California200,831Glendale
43%
Arizona245,895Glendale
43%
Arizona247,477Chandler
42%
Alabama193,079Huntsville
42%
Texas286,057Plano
41%
Arizona182,498Tempe
40%
Texas238,289Irving
39%
California267,172Chula Vista
39%
Colorado164,207Fort Collins
36%
Massachusetts184,508Worcester
36%
Virginia155,810Alexandria
36%
Virginia181,825Newport News
35%
Virginia237,940Chesapeake
35%
Texas183,823Brownsville
34%
California212,175Modesto
33%
California200,652Huntington Beach
33%
Texas153,351Pasadena
32%
Florida236,387Hialeah
32%
California207,906Oxnard
32%
Georgia152,555Macon
31%
California175,155Santa Rosa
31%
Texas234,943Garland
31%
Kansas188,966Overland Park
31%
Arizona237,133Gilbert
31%
Washington174,826Vancouver
30%
Arizona164,173Peoria
30%
North Carolina204,759Fayetteville
30%
California233,136Fremont
28%
California181,972Santa Clarita
27%
California209,665Fontana
25%
Florida151,998Hollywood
25%
Florida185,132Port St. Lucie
24%
California175,464Oceanside
23%
North Carolina162,320Cary
23%
Florida179,804Cape Coral
22%
California173,212Ontario
22%
California205,499Moreno Valley
20%
Texas190,682Grand Prairie
20%
Tennessee150,287Clarksville
19%
Texas172,298McKinney
19%
California174,858Garden Grove
18%
California176,534Rancho Cucamonga
16%
California160,106Lancaster
16%
California166,785Corona
16%
California169,743Elk Grove
15%
California152,494Pomona
15%
California158,937Hayward
15%
Texas163,656Frisco
15%
California151,613Escondido
14%
California152,771Sunnyvale
13%
Colorado154,393Lakewood
13%
California157,356Palmdale
11%
Florida168,587Pembroke Pines
10%
California157,218Salinas
8%

Score Distribution

Percentile by Number Answered

Percent of People with Each Score

Your Score History

You have not taken this quiz